书目信息 |
| 题名: |
建筑浮筑楼板保温隔声系统应用技术标准
|
|
| 作者: | ;上海建科检验公司 , 中国建筑标准设计研究院公司 主编 | |
| 分册: | ||
| 出版信息: | 上海 同济大学出版社 2021.10 |
|
| 页数: | 52页 | |
| 开本: | 21cm | |
| 丛书名: | ||
| 单 册: | ||
| 中图分类: | TU375.2-65 | |
| 科图分类: | ||
| 主题词: | 建筑--jian zhu--混凝土楼板--隔声--技术标准--上海 , 建筑--jian zhu--混凝土楼板--保温--技术标准--上海 | |
| 电子资源: | ||
| ISBN: | 978-7-5608-9904-6 | |
| 000 | 01382nam0 2200265 450 | |
| 001 | 011025153641 | |
| 005 | 20221025153641.0 | |
| 010 | @a978-7-5608-9904-6@dCNY20.00 | |
| 100 | @a20201004d2021 em y0chiy0120 ea | |
| 101 | 0 | @achi@eeng |
| 102 | @aCN@b310000 | |
| 105 | @aa l 000yy | |
| 106 | @ar | |
| 200 | 1 | @a建筑浮筑楼板保温隔声系统应用技术标准@Ajian zhu fu zhu lou ban bao wen ge sheng xi tong ying yong ji shu biao zhun@dTechnical standard for application of floating floor thermal and sound insulation system@f上海建科检验有限公司, 中国建筑标准设计研究院有限公司主编@zeng |
| 210 | @a上海@c同济大学出版社@d2021.10 | |
| 215 | @a52页@c图@d21cm | |
| 300 | @a上海市工程建设规范DG/TJ08-2365-2021J15834-2021上海市住房和城乡建设管理委员会发布2021-05-31发布2021-11-01实施 | |
| 330 | @a本书主要内容有:总则;术语;系统及组成材料;设计;施工;质量验收。 | |
| 510 | 1 | @aTechnical standard for application of floating floor thermal and sound insulation system@zeng |
| 606 | 0 | @a建筑@Ajian zhu@x混凝土楼板@x隔声@x技术标准@y上海 |
| 606 | 0 | @a建筑@Ajian zhu@x混凝土楼板@x保温@x技术标准@y上海 |
| 690 | @aTU375.2-65@v5 | |
| 711 | 02 | @3UCS10001626943@a上海建科检验公司@Ashang hai jian ke jian yan gong si@4主编 |
| 711 | 02 | @3UCS10001704475@a中国建筑标准设计研究院公司@Azhong guo jian zhu biao zhun she ji yan jiu yuan gong si@4主编 |
| 905 | @a河南城建学院图书馆@dTU375.2-65@eS211 | |
| 建筑浮筑楼板保温隔声系统应用技术标准=Technical standard for application of floating floor thermal and sound insulation system/上海建科检验有限公司, 中国建筑标准设计研究院有限公司主编.-上海:同济大学出版社,2021.10 |
| 52页:图;21cm |
| 上海市工程建设规范DG/TJ08-2365-2021J15834-2021上海市住房和城乡建设管理委员会发布2021-05-31发布2021-11-01实施 |
| ISBN 978-7-5608-9904-6:CNY20.00 |
| 本书主要内容有:总则;术语;系统及组成材料;设计;施工;质量验收。 |
| ● |
| 相关链接 |
|
|
|
正题名:建筑浮筑楼板保温隔声系统应用技术标准
索取号:TU375.2-65/S211
 
预约/预借
| 序号 | 登录号 | 条形码 | 馆藏地/架位号 | 状态 | 备注 |
| 1 | 1588864 | 215888644 | 建筑库101/101建筑库 88排4列5层/ [索取号:TU375.2-65/S211] | 在馆 | |
| 2 | 1588865 | 215888653 | 建筑库101/101建筑库 88排4列5层/ [索取号:TU375.2-65/S211] | 在馆 |